=LDR 00000nam 2200000 4500 =001 INLIS000000000000295 =005 20150306082050.0 =006 =007 =008 Ind =035 ##$$0010-061300000000295 =041 ##$$a Ind =082 ##$$a 635.9 =090 ##$$a 635.9 Ruk c =245 ##$$a Teknik perbanyakan tanaman hias, H.Rahmat Rukmana =260 ##$$a Yogyakarta $b Kanisius $c 1997 =300 ##$$a 80 hlm. : ilus. ; 21 cm =650 ##$$a Tanaman Hias =850 ##$$a NBPNMAT